000 00512nam a2200169Ia 4500
008 090711s9999 xx 000 0 und d
082 _b51478
100 _aहरकारे अरुण
245 _aकरावं तसं भरावं
260 _c1985
300 _a164
600 _aहरकारे अरुण
630 _aकरावं तसं भरावं
700 _aहरकारे अरुण
730 _aकरावं तसं भरावं
942 _cBOOK
999 _c301668
_d301668